Ekonomika vnútorného obchodu

Guardado en:
Detalles Bibliográficos
Autor principal: Rendoš, Ladislav
Autor Corporativo: Vysoká škola ekonomická v Bratislave. Obchodná fakulta
Formato: Libro
Lenguaje:eslovaco
Publicado: Bratislava VŠE 1989
Edición:1. vyd.
Etiquetas: Agregar Etiqueta
Sin Etiquetas, Sea el primero en etiquetar este registro!

MARC

LEADER 00000nam a2200000 4500
001 c025263
005 20221215070528.8
041 0 |a slo 
044 |a SK 
245 1 0 |a Ekonomika vnútorného obchodu  |c Ladislav Rendoš 
250 |a 1. vyd. 
264 1 |a Bratislava  |b VŠE  |c 1989 
300 |a 226 s. 
100 1 |a Rendoš, Ladislav 
710 2 |a Vysoká škola ekonomická v Bratislave. Obchodná fakulta